Gloria Estefan stále zamilovaná

Bibliographic Details
Main Authors: Košíková, Soňa (ain), Estefan, Gloria 1957- (Author, uin)
Format: Article
Language:Slovak
Subjects:

MARC

LEADER 00000nab a2200000 a 4500
001 vtls000852379
003 SK-MaSNL
005 20260302171958.0
008 160321c2003 xo 0 slo
015 |a SNBRB2003/11-31434 
035 |a CLN000204034 
040 |a SNKBUCL  |b slo  |c SNKBUCL  |e AACR2 
041 0 |a slo 
044 |a xo  |c SK 
080 |a 78.071.2:784.66  |2 UDC-MRF-SK2 
080 |a 784.66  |2 UDC-MRF-SK2 
080 |a 929 Estefan, Gloria  |2 UDC-MRF-SK2 
100 1 |a Košíková, Soňa  |4 ain  |9 368356 
245 1 0 |a Gloria Estefan  |b stále zamilovaná  |c [zhovárala sa] Soňa Košíková 
300 |b Fotogr. 
600 1 7 |a Estefan, Gloria  |d 1957-  |2 snkbucl  |9 702051 
655 7 |a články z novín a časopisov  |2 snkbucl  |9 267496 
700 1 |a Estefan, Gloria  |d 1957-  |4 aut  |4 uin  |9 702051 
773 0 |x 1335-2776  |t Markíza  |g Roč. 6, č. 43 (2003), s. 24-26 
850 |a Slovenská národná knižnica v Martine 
852 |a SNK  |b KIS3GCP 
958 |a BC 
958 |a US 
958 |a CU 
958 |a RBX 
999 |c 1397607  |d 1399537